[Event "IND-ch U11 Girls"]
[Site "Odisha"]
[Date "2014.07.25"]
[Round "2"]
[White "Arushi, Kotwal"]
[Black "Mehendi, Sil"]
[Result "1/2-1/2"]
[WhiteElo "1450"]
[BlackElo "1288"]
[PlyCount "110"]
[EventDate "2014.07.24"]
[EventType "swiss"]
[EventRounds "11"]
[EventCountry "IND"]
[SourceTitle "CBM 161 Extra"]
[Source "ChessBase"]
[SourceDate "2014.08.29"]
[SourceVersion "1"]
[SourceVersionDate "2014.08.29"]
[SourceQuality "1"]

1. e4 c5 2. Nf3 e6 3. d4 cxd4 4. Nxd4 a6 5. Nc3 Qc7 6. Be2 Nf6 7. a3 d6 8. 0-0 Be7 9. f4 Nbd7 10. Nb3 Nc5 11. Nxc5 Qxc5+ 12. Kh1 0-0 13. Qe1 Bd7 14. Qg3 Rfd8 15. Be3 Qc7 16. Qf2 Rdc8 17. Bf3 Bc6 18. g4 Nd7 19. h4 Bf6 20. Bd4 Bxd4 21. Qxd4 Qb6 22. Qxb6 Nxb6 23. Be2 d5 24. exd5 Nxd5 25. Bf3 Nxc3 26. bxc3 Bxf3+ 27. Rxf3 Rc7 28. Rb1 Rac8 29. Rb3 b5 30. Kg2 Kf8 31. Rd3 Ke7 32. Kf3 Rd7 33. Ke3 Rc4 34. Kf3 Rdc7 35. Ke3 Rd7 36. Kf3 Rdc7 37. Ke3 Rd7 38. Rb4 Rdc7 39. Kd2 R7c5 40. Rxc4 Rxc4 41. Rd4 Rxd4+ 42. cxd4 Kd6 43. Kc3 a5 44. Kd3 Kd5 45. f5 exf5 46. gxf5 g6 47. fxg6 fxg6 48. c3 h6 49. Ke3 g5 50. hxg5 hxg5 51. Kf3 b4 52. cxb4 axb4 53. axb4 Kxd4 54. Kg4 Kc4 55. Kxg5 Kxb4 1/2-1/2